00702cam a2200229 a 450000100060000000300090000600500170001500800410003202000160007302000180008904000380010708200200014510000200016524500990018525000120028426000490029630000450034550000200039065000260041070000170043670000190045314938BD-DhUAP20201201113104.0201130r20051986delabf b f000 0 eng  a8123909047  a9788123909042 aBD-DhUAPcBD-DhUAPdBD-DhUAPbEng a615.024 COO223 aCooper, John W. aCooper and Gunn's tutorial pharmacy /cJohn W. Cooper and Colin Gunn ; edited by S. J. Carter. a6th ed. aNew Delhi : bCBS, cc1986 [Reprinted 2005]. aix, 469 pages :billustrations ;c24 cm. aIncludes index. aPharmacy vManuals. aGunn, Colin. aCarter, S. J.